Trnová královna /

Závěr vílí romantasy, který nabízí pohled na alternativní anglickou historii.

Uloženo v:
Série:Dohoda růží, část 2
Hlavní autor: Smith, Sasha Peyton (Autor)
Další autoři: Forejtová, Markéta, 1999- (Autor)
Médium: Kniha
Jazyk:Czech
Vydáno: V Praze : CooBoo, 2026
Vydání:1. vydání
Témata:
Celkem bylo vypůjčeno:0x
Příbuzné jednotky:Z cyklu:: Dohoda růží
Tagy:
Žádné tagy
LEADER 02495nam a2200517 i 4500
001 106510
003 CZ PrSKC
005 20260604175636.0
007 ta
008 260528s2026 xr d 000 f cze
015 |a cnb003759126 
020 |a 9788026742388  |q (brožováno) :  |c Kč 469,00 
040 |a ABG001  |b cze  |e rda 
041 1 |a cze  |h eng 
072 7 |a 821.111(73)-3  |x Americká próza  |2 Konspekt  |9 25 
072 7 |a 821-93  |x Literatura pro děti a mládež (beletrie)  |2 Konspekt  |9 26 
080 |a 821.111(73)-31  |2 MRF 
080 |a 821-93-053.67  |2 MRF 
080 |a 821-93  |2 MRF 
080 |a (0:82-312.9)  |2 MRF 
100 1 |a Smith, Sasha Peyton  |7 jo20251274801  |4 aut 
240 1 0 |a Thorn queen.  |l Česky 
245 1 0 |a Trnová královna /  |c Sasha Peyton Smith ; přeložila Markéta Forejtová 
250 |a 1. vydání 
264 1 |a V Praze :  |b CooBoo,  |c 2026 
300 |a 388 stran ;  |c 20 cm 
336 |a text  |b txt  |2 rdacontent 
337 |a bez média  |b n  |2 rdamedia 
338 |a svazek  |b nc  |2 rdacarrier 
500 |a Přeloženo z angličtiny 
520 2 |a Závěr vílí romantasy, který nabízí pohled na alternativní anglickou historii.  |b Poté co získala ruku vílího krále Brama, je Ivy nyní královnou Anglie. Jenže Bramovým nástupem na trůn se víly vrátily do světa lidí, který se propadá do chaosu a krutosti. Aby přežila, hraje Ivy roli oddané manželky, ale skrývá plán - sesadit Brama, zachránit svou sestru Lydii a znovu se shledat s láskou svého života Emmettem. Jenže Emmett i Lydia jsou uvězněni ve světě víl, který je smrtonosnější než dřív - a královna musí být nejkrutější ze všech. Nebo přijde o trůn. Nakladatelská anotace. 
655 7 |a americké romány  |7 fd131796  |2 czenas  |9 53403 
655 7 |a fantasy romány  |7 fd184199  |2 czenas  |9 54250 
655 7 |a literatura young adult  |7 fd1185572  |2 czenas  |9 114939 
655 7 |a publikace pro mládež  |7 fd133157  |2 czenas  |9 110 
655 9 |a American fiction  |2 eczenas 
655 9 |a fantasy novels  |2 eczenas 
655 9 |a young adult literature  |2 eczenas 
655 9 |a juvenile literature  |2 eczenas 
700 1 |a Forejtová, Markéta,  |d 1999-  |7 xx0304297  |4 trl  |9 114583 
710 2 |a CooBoo (nakladatelství)  |7 xx0255713  |4 pbl  |9 117181 
787 0 8 |i Z cyklu:  |t Dohoda růží  |g 2 
910 |a UOG502 
942 |2 ddc  |c KN 
999 |d 106510 
993 |0 0  |1 421180107230  |2 ddc  |4 0  |7 0  |9 99954  |b 0  |c 107230  |d 2026-06-04  |e 0  |f DOSP  |h 469.00  |i Koupě  |l DOSP  |r 2026-06-04  |t 6  |w 2026-06-04  |y KN  |z BELETM  |n